MANAGEMENT OF ENGINEERING PROJECTS (Record no. 580790)

000 -LEADER
fixed length control field 00365nam a22001337a 4500
020 ## - INTERNATIONAL STANDARD BOOK NUMBER
International Standard Book Number 0-07-025534-2
082 ## - DEWEY DECIMAL CLASSIFICATION NUMBER
Classification number 658.404 HAJ'M
100 ## - MAIN ENTRY--PERSONAL NAME
Personal name HAJEK, VICTOR G
9 (RLIN) 75362
245 ## - TITLE STATEMENT
Title MANAGEMENT OF ENGINEERING PROJECTS
260 ## - PUBLICATION, DISTRIBUTION, ETC.
Place of publication, distribution, etc. NEWYORK
Name of publisher, distributor, etc. MCGRAW HILL
Date of publication, distribution, etc. 1977
300 ## - PHYSICAL DESCRIPTION
Extent 264
650 ## - SUBJECT ADDED ENTRY--TOPICAL TERM
Topical term or geographic name entry element INDUSTRIAL PROJECT MANAGEMENT ENGINEERING MANAGEMENT
9 (RLIN) 75363
942 ## - ADDED ENTRY ELEMENTS (KOHA)
Koha item type Book
Holdings
Withdrawn status Lost status Damaged status Not for loan Permanent Location Current Location Shelving location Date acquired Total Checkouts Full call number Barcode Date last seen Price effective from Koha item type
        College of Electrical & Mechanical Engineering (CEME) College of Electrical & Mechanical Engineering (CEME) General Stacks 05/18/2017   658.404 HAJ'M CEME-14001 06/28/2021 06/28/2021 Book
© 2023 Central Library, National University of Sciences and Technology. All Rights Reserved.